| 000 | 00703nam a2200241Ia 4500 | ||
|---|---|---|---|
| 008 | 191130s2007##################000#0#eng## | ||
| 020 | _a9780321357434 | ||
| 022 | _a2006045351 | ||
| 040 |
_aACL _cACL |
||
| 082 | _a650.01513 SAL | ||
| 100 | _aSalzman, Stanley A | ||
| 245 |
_aMathematics for business _cStanley A. Salzman, Charles D. Miller, Gary Clendenen |
||
| 250 | _a8th ed | ||
| 260 |
_aBoston _bPearson/Addison Wesley _cc2007 |
||
| 300 | _axxvi, 902 p. : ill. ; 27 cm | ||
| 500 | _aIncludes index | ||
| 650 | _aBusiness mathematics | ||
| 700 | _aClendenen, Gary | ||
| 700 | _aMiller, Charles David | ||
| 990 | _ac53052cdac10000c55926b650f138ef7 | ||
| 991 | _a358896 | ||
| 999 |
_c5849 _d5849 |
||